Once in a blue moon / Eileen Goudge.
Record details
- ISBN: 9781593155346 (hardcover : alk. paper)
- ISBN: 1593155344 (hardcover : alk. paper)
- Physical Description: x, 323 pages ; 25 cm.
- Publisher: New York : Vanguard Press, c2009.
Search for related items by subject
| Subject: | Sisters > Fiction. Ex-foster children > Fiction. Domestic fiction. Psychological fiction. |
| LDR | 00867pam a2200265 a 4500 | ||
|---|---|---|---|
| 001 | 131537 | ||
| 003 | CONS | ||
| 005 | 20140703073306.0 | ||
| 008 | 090330s2009 nyu 000 1 eng | ||
| 010 | . | ‡a 2009012649 | |
| 020 | . | ‡a9781593155346 (hardcover : alk. paper) | |
| 020 | . | ‡a1593155344 (hardcover : alk. paper) | |
| 035 | . | ‡a(CPomAG)LMN502482 | |
| 050 | 0 | 0. | ‡aPS3557.O838 ‡bO53 2009 |
| 082 | 0 | 0. | ‡a813/.54 ‡222 |
| 100 | 1 | . | ‡aGoudge, Eileen. |
| 245 | 1 | 0. | ‡aOnce in a blue moon / ‡cEileen Goudge. |
| 260 | . | ‡aNew York : ‡bVanguard Press, ‡cc2009. | |
| 300 | . | ‡ax, 323 pages ; ‡c25 cm. | |
| 650 | 0. | ‡aSisters ‡vFiction. | |
| 650 | 0. | ‡aEx-foster children ‡vFiction. | |
| 650 | 0. | ‡aDomestic fiction. | |
| 650 | 0. | ‡aPsychological fiction. | |
| 959 | . | ‡i32269000837875 ‡lF Gou ‡aAdult - Fiction ‡tFiction ‡g25.00 | |
| 852 | . | ‡p32269000837875 ‡jF Gou ‡gAdult - Fiction ‡cFiction ‡y25.00 ‡bSBPL | |
| 901 | . | ‡a131537 ‡bUnknown ‡c131537 ‡tbiblio | |